Normal view
MARC view
- الدعوى الجنائية -- قوانين وتشريعات -- مصر -- الدعوى الجنائية ( فقه اسلامي)
Entry Topical Term
001 - CONTROL NUMBER
- control field: 34332
003 - CONTROL NUMBER IDENTIFIER
- control field: JO-AjAnu
005 - DATE AND TIME OF LATEST TRANSACTION
- control field: 20230606075743.0
008 - FIXED-LENGTH DATA ELEMENTS
- fixed length control field: 230606|| aca||aabn | a|a d
040 ## - CATALOGING SOURCE
- Original cataloging agency: JO-AjAnu
- Transcribing agency: JO-AjAnu
150 ## - HEADING--TOPICAL TERM
- Topical term or geographic name entry element: الدعوى الجنائية -- قوانين وتشريعات -- مصر -- الدعوى الجنائية ( فقه اسلامي)
670 ## - SOURCE DATA FOUND
- Source citation: Work cat.: (JO-AjAnu)17635: علي ، جمال شعبان حسين , author 34331, انقضاء الدعوى الجنائية : دراسة مقارنة في الفقة الإسلامي والقانون الوضعى